Introducción /
Guardat en:
| Autor principal: | |
|---|---|
| Format: | Text |
| Matèries: | |
| Etiquetes: |
Afegir etiqueta
Sense etiquetes, Sigues el primer a etiquetar aquest registre!
|
MARC
| LEADER | 00000 a a2200000 04500 | ||
|---|---|---|---|
| 001 | 16137 | ||
| 003 | |||
| 040 | |||
| 100 | |a Nuhn, Helmut | ||
| 245 | |a Introducción / |c Helmut Nuhn | ||
| 650 | |a CONFLICTOS SOCIALES | ||
| 650 | |a MCCA | ||
| 650 | |a INVESTIGACION | ||
| 650 | |a ORGANIZACIONES INTERGUBERNAMENTALES | ||
| 650 | |a INTEGRACION REGIONAL | ||
| 773 | |g número 48; páginas 1-10 | ||
| 999 | |c 24970 |d 24970 | ||
